[Event "42nd Olympiad 2016"]
[Site "Baku AZE"]
[Date "2016.09.10"]
[Round "8.50"]
[Board "4"]
[White "Maung, Maung Kyaw Zaw Hein"]
[Black "Min, Po-Yen"]
[Result "1/2-1/2"]
[WhiteElo "2031"]
[BlackElo "1842"]
[WhiteTeam "Myanmar"]
[BlackTeam "Chinese Taipei"]
[WhiteFideId "13001698"]
[BlackFideId "16300203"]
[EventDate "2016.09.02"]

1. Nf3 Nf6 2. c4 e6 3. Nc3 Bb4 4. Qc2 b6 5. e3 Bb7 6. Be2 O-O 7. O-O d5 8. a3
Bxc3 9. Qxc3 dxc4 10. Bxc4 Bxf3 11. gxf3 Nd5 12. Qc2 c5 13. Kh1 Nc6 14. Be2 Qd6
15. b3 Rae8 16. Bb2 e5 17. Rg1 Re6 18. Rg2 Rh6 19. f4 f6 20. Rag1 g6 21. Bc4 Kh8
22. fxe5 Nxe5 23. Be2 Nf7 24. f4 Nd8 25. Qd3 Qe6 26. Bg4 Qf7 27. Bf3 Ne7 28. Be4
Ndc6 29. Qc3 Nd5 30. Qc2 Nce7 31. Bd3 Qe6 32. Bc4 Qh3 33. Bd3 Qh5 34. Be4 Nc7
35. Qd3 Nf5 36. Bxf5 Qxf5 37. Qxf5 gxf5 38. Rg7 Rc8 39. Rf7 Nd5 40. Rd7 Nc7 41.
Rgg7 Ne8 42. Rgf7 Kg8 43. Rxa7 Nd6 44. Rxf6 Rxf6 45. Bxf6 Ne4 46. Bc3 Nxc3 47.
dxc3 Re8 48. Rb7 Rxe3 49. Rxb6 Rxc3 50. Kg2 c4 51. bxc4 Rxc4 52. Kg3 Rc3+ 53.
Kh4 Rxa3 54. Kg5 Rh3 55. Rb2 Kf7 56. Kxf5 Rh5+ 57. Kg4 Rc5 58. Rb7+ Kg6 59. Rb6+
Kg7 60. f5 Rc7 61. Kg5 Ra7 62. h4 Rc7 63. h5 Ra7 64. h6+ Kf7 65. Rb8 Ra1 66.
Rb7+ Kg8 67. Kf6 Ra6+ 68. Ke7 Ra8 69. f6 Rf8 70. Ke6 Ra8 71. Rg7+ Kh8 72. Rd7
Kg8 73. Ke7 Rf8 74. Rd3 Rf7+ 75. Ke6 Rf8 76. Rd6 Re8+ 77. Kf5 Rf8 78. Rd2 Re8
79. Rd7 Rf8 80. Re7 Ra8 81. Ke6 Ra6+ 82. Kf5 Ra8 1/2-1/2

[Event "42nd Olympiad 2016"]
[Site "Baku AZE"]
[Date "2016.09.10"]
[Round "8.51"]
[Board "1"]
[White "Arias, Lemnys A."]
[Black "Michaelides, Konstantinos"]
[Result "1-0"]
[WhiteTitle "IM"]
[BlackTitle "CM"]
[WhiteElo "2305"]
[BlackElo "2060"]
[WhiteTeam "El Salvador"]
[BlackTeam "Cyprus"]
[WhiteFideId "6700284"]
[BlackFideId "5901871"]
[EventDate "2016.09.02"]

1. e4 e6 2. d4 d5 3. Nd2 c5 4. Ngf3 cxd4 5. Nxd4 Nf6 6. exd5 Nxd5 7. N2f3 Bb4+
8. Bd2 Bd6 9. Nb5 O-O 10. c4 Nc7 11. Nxd6 Qxd6 12. Bc3 Qxd1+ 13. Rxd1 Nc6 14.
Ne5 a5 15. Be2 Nxe5 16. Bxe5 Na6 17. O-O Nb4 18. Bd6 Re8 19. f4 f6 20. Rd2 Nc6
21. Bf3 g6 22. b3 e5 23. fxe5 fxe5 24. Be4 Be6 25. Bc5 Rad8 26. Rdf2 a4 27. Bb6
Rd7 28. h3 Rf7 29. Bc5 Rxf2 30. Rxf2 Na5 31. Rf3 axb3 32. axb3 Nc6 33. g4 Nd4
34. Bxd4 exd4 35. Bxb7 Re7 36. Bc6 Rc7 37. Bb5 h5 38. Rf6 Bd7 39. Rxg6+ Kh7 40.
Rg5 hxg4 41. hxg4 Kh6 42. Rh5+ Kg6 43. Bxd7 Rxd7 44. Kf2 Rf7+ 45. Ke2 Rf4 46.
Rd5 Rxg4 47. b4 Kf6 48. Kd3 Ke6 49. Rxd4 Rg3+ 50. Kc2 Ke5 51. Rd3 Rg1 52. b5 Ke4
53. Rd5 Rg3 54. b6 Rg7 55. Rd1 Rb7 56. c5 1-0

[Event "42nd Olympiad 2016"]
[Site "Baku AZE"]
[Date "2016.09.10"]
[Round "8.51"]
[Board "2"]
[White "Constantinou, Pavlos"]
[Black "Arias, Daniel"]
[Result "1/2-1/2"]
[WhiteTitle "CM"]
[BlackTitle "FM"]
[WhiteElo "2058"]
[BlackElo "2285"]
[WhiteTeam "Cyprus"]
[BlackTeam "El Salvador"]
[WhiteFideId "5900328"]
[BlackFideId "6700640"]
[EventDate "2016.09.02"]

1. e4 c5 2. Nf3 d6 3. Bb5+ Nd7 4. O-O Nf6 5. Re1 a6 6. Bd3 e6 7. c3 Be7 8. Bc2
b5 9. a4 Bb7 10. d4 b4 11. Nbd2 bxc3 12. bxc3 Qc7 13. Nf1 Rc8 14. Bd3 d5 15. e5
Ne4 16. Bxe4 dxe4 17. Ng5 Qa5 18. Nxe4 Bxe4 19. Rxe4 Qxc3 20. Ra3 Qb4 21. Rg3 g6
22. Ba3 Qb7 23. Re2 O-O 24. Rb3 Qc6 25. Rc3 Rfe8 26. Bxc5 Nxc5 27. dxc5 Bxc5 28.
Rec2 Qxa4 29. Qc1 Ba3 30. Qa1 Qxc2 31. Rxc2 Rxc2 32. Qxa3 Rb8 33. g3 Rbb2 34.
Qxa6 Rxf2 35. Qa8+ Kg7 36. Qe4 Rfe2 37. Qf3 Re1 38. Qf6+ Kg8 39. Qd8+ Kg7 1/2-1/2

[Event "42nd Olympiad 2016"]
[Site "Baku AZE"]
[Date "2016.09.10"]
[Round "8.51"]
[Board "3"]
[White "Chavez, Hector Eduardo"]
[Black "Theocharous, Stelios"]
[Result "0-1"]
[WhiteElo "2077"]
[BlackElo "2065"]
[WhiteTeam "El Salvador"]
[BlackTeam "Cyprus"]
[WhiteFideId "6700160"]
[BlackFideId "5901545"]
[EventDate "2016.09.02"]

1. e4 c5 2. Nf3 Nc6 3. d4 cxd4 4. Nxd4 Nf6 5. Nc3 e5 6. Ndb5 d6 7. Bg5 a6 8. Na3
b5 9. Nd5 Be7 10. Bxf6 Bxf6 11. c4 b4 12. Nc2 a5 13. Be2 O-O 14. O-O Bg5 15. Qd3
f5 16. Bf3 f4 17. a3 bxa3 18. Rxa3 Rb8 19. b3 Be6 20. Rd1 Qd7 21. Qc3 Qf7 22.
Rd3 Rfd8 23. Qd2 Rb7 24. Qd1 Qe8 25. Bh5 g6 26. Bg4 Bf7 27. g3 h5 28. h4 hxg4
29. hxg5 Bxd5 30. Rxd5 Qe6 31. gxf4 exf4 32. Nd4 Qxe4 33. Qe2 Qb1+ 34. Qf1 Qxf1+
35. Kxf1 Nxd4 36. Rxd4 f3 37. Rxg4 Rdb8 38. Rf4 Rxb3 39. Rxf3 Rxf3 40. Rxf3 a4
41. Ra3 Rb4 42. Rd3 Rb6 43. Ra3 Ra6 44. Ke2 Kf7 45. Kd3 Ke6 46. Ke4 Ra5 47. Kd4
Kf5 48. Kc3 Kxg5 49. Kb4 Rf5 50. Rxa4 Rxf2 51. Ra6 Rf6 52. Kc3 Kf5 53. Kd4 g5
54. Kd5 g4 55. Rxd6 Rxd6+ 56. Kxd6 g3 57. c5 g2 58. c6 g1=Q 59. c7 Qg8 60. Kd7
Qd5+ 61. Ke8 Qc6+ 62. Kd8 Qd6+ 63. Kc8 Ke6 64. Kb7 Qd7 65. Kb8 Qb5+ 66. Kc8 Ke5 0-1

[Event "42nd Olympiad 2016"]
[Site "Baku AZE"]
[Date "2016.09.10"]
[Round "8.51"]
[Board "4"]
[White "Antoniou, Antonis"]
[Black "Hernandez, Mauricio Daniel"]
[Result "1/2-1/2"]
[WhiteTitle "FM"]
[WhiteElo "2172"]
[BlackElo "2027"]
[WhiteTeam "Cyprus"]
[BlackTeam "El Salvador"]
[WhiteFideId "5900123"]
[BlackFideId "6701183"]
[EventDate "2016.09.02"]

1. e4 e5 2. Nf3 Nc6 3. d4 exd4 4. Nxd4 Nf6 5. Nxc6 bxc6 6. Nd2 Bc5 7. Be2 Qe7 8.
O-O O-O 9. Bf3 a5 10. Re1 d6 11. Nb3 Bb6 12. Nd4 Bxd4 13. Qxd4 Ng4 14. Bf4 Ne5
15. Be2 c5 16. Qc3 Rb8 17. Bxe5 Qxe5 18. Qxe5 dxe5 19. b3 Be6 20. Red1 Rfd8 21.
Rxd8+ Rxd8 22. Rd1 Rxd1+ 23. Bxd1 c4 24. Kf1 Kf8 25. Ke1 Ke7 26. Kd2 Kd6 27. Kc3
Kc5 28. Be2 cxb3 29. cxb3 Bd7 30. a3 Bb5 31. Bd1 1/2-1/2

[Event "42nd Olympiad 2016"]
[Site "Baku AZE"]
[Date "2016.09.10"]
[Round "8.52"]
[Board "1"]
[White "Al-Hajiri, Bader"]
[Black "Mansour, Sameer"]
[Result "0-1"]
[WhiteTitle "FM"]
[BlackTitle "FM"]
[WhiteElo "2116"]
[BlackElo "2245"]
[WhiteTeam "Kuwait"]
[BlackTeam "Jordan"]
[WhiteFideId "10300163"]
[BlackFideId "8100144"]
[EventDate "2016.09.02"]

1. e4 g6 2. d4 Bg7 3. Nf3 d6 4. Bd3 Bg4 5. c3 c5 6. dxc5 dxc5 7. Be3 Nd7 8. h3
Bxf3 9. Qxf3 Ngf6 10. O-O O-O 11. Bc2 Qc7 12. Nd2 Nb6 13. Qe2 Nfd7 14. Nc4 Nxc4
15. Qxc4 Rac8 16. Rad1 Nb6 17. Qb5 a6 18. Qe2 Qc6 19. Rd2 Na4 20. Bb1 b5 21.
Rfd1 b4 22. cxb4 cxb4 23. Bd4 Bxd4 24. Rxd4 a5 25. Rd5 Nc5 26. Qe3 e6 27. Rd6
Qb5 28. b3 a4 29. e5 axb3 30. axb3 Rc6 31. Rxc6 Qxc6 32. Rc1 Rc8 33. Qd4 Qd5 34.
Qxb4 Qxe5 35. Qc3 Qxc3 36. Rxc3 Rc7 37. Kf1 Kf8 38. Ke2 Ke7 39. Ke3 Kd6 40. Bd3
Rb7 41. Bc2 e5 42. f4 exf4+ 43. Kxf4 h6 44. g4 Rb4+ 45. Rc4 Ne6+ 46. Ke3 Rxc4
47. bxc4 Ke5 48. Ba4 g5 49. Be8 f6 50. Kf3 Kd4 51. Bf7 Nc5 52. Bd5 Nd3 53. Kg3
Ne5 54. h4 Nxc4 55. Bg8 Nd2 56. hxg5 hxg5 57. Bh7 Ke3 58. Bf5 Ne4+ 59. Kg2 Kf4
60. Be6 Nc3 61. Bc8 Nd1 62. Bd7 Ne3+ 63. Kh3 Kf3 64. Bc6+ Kf2 65. Bd7 Kf3 66.
Bc6+ Kf4 67. Bd7 Nc4 68. Be6 Ne5 69. Bc8 Nd3 70. Kg2 Ne5 71. Kh3 Kf3 72. Bb7+
Kf2 73. Bc8 Nd3 74. Bf5 Nf4+ 75. Kh2 Kf3 76. Bc8 Nd3 77. Bd7 Nf2 78. Bc6+ Kf4
79. Kg2 Nxg4 80. Ba8 f5 81. Bb7 Ne3+ 82. Kf2 g4 83. Bc6 g3+ 84. Kg1 Kg4 85. Bd7
Kh4 86. Bc6 f4 87. Bf3 Nf5 88. Kg2 Kg5 89. Kh3 Ne3 90. Bc6 Kf6 91. Bf3 Ke5 92.
Bc6 Kd4 93. Bb7 Kd3 94. Bf3 Kd2 0-1

[Event "42nd Olympiad 2016"]
[Site "Baku AZE"]
[Date "2016.09.10"]
[Round "8.52"]
[Board "2"]
[White "Ahmad, Al Khatib"]
[Black "Maqseed, Nasser"]
[Result "1-0"]
[WhiteTitle "IM"]
[BlackTitle "CM"]
[WhiteElo "2253"]
[BlackElo "2000"]
[WhiteTeam "Jordan"]
[BlackTeam "Kuwait"]
[WhiteFideId "8103178"]
[BlackFideId "10300074"]
[EventDate "2016.09.02"]

1. Nf3 c5 2. g3 g6 3. Bg2 Bg7 4. O-O Nc6 5. d3 Nf6 6. e4 d6 7. c3 O-O 8. Re1 Rb8
9. d4 cxd4 10. cxd4 Qa5 11. d5 Nb4 12. a3 Na6 13. b4 Qc7 14. Bb2 Bg4 15. Nbd2
Rfc8 16. Rc1 Qd7 17. Qb3 Rxc1 18. Rxc1 Rc8 19. Rxc8+ Qxc8 20. e5 Ne8 21. Bf1 Nb8
22. exd6 Bxb2 23. Qxb2 Nxd6 24. Qd4 a6 25. Ne5 Bh3 26. Bxh3 Qxh3 27. Ndc4 Nxc4
28. Qxc4 Qf5 29. Qc7 f6 30. Qd8+ Kg7 31. Qxe7+ Kh6 32. Qf8+ 1-0

[Event "42nd Olympiad 2016"]
[Site "Baku AZE"]
[Date "2016.09.10"]
[Round "8.52"]
[Board "3"]
[White "Alkhaldi, Bader"]
[Black "Mohannad, Farhan"]
[Result "0-1"]
[BlackTitle "FM"]
[WhiteElo "1956"]
[BlackElo "2294"]
[WhiteTeam "Kuwait"]
[BlackTeam "Jordan"]
[WhiteFideId "10300171"]
[BlackFideId "8100918"]
[EventDate "2016.09.02"]

1. d4 Nf6 2. c4 e6 3. Nf3 Bb4+ 4. Nbd2 b6 5. a3 Bxd2+ 6. Qxd2 Bb7 7. e3 O-O 8.
Be2 d6 9. O-O Nbd7 10. b4 Ne4 11. Qc2 f5 12. Ne1 Qh4 13. f3 Nef6 14. Bd3 c5 15.
Qf2 Qh5 16. Bb2 e5 17. Be2 Qh6 18. dxc5 dxc5 19. Nc2 g5 20. Rfd1 Qg7 21. Rd6 g4
22. Rad1 Rf7 23. Ne1 Raf8 24. Qg3 Re8 25. Kh1 h5 26. Qh4 Qh6 27. Bc1 Nf8 28. e4
f4 29. Qf2 Ne6 30. R1d5 Bxd5 31. cxd5 Nd4 32. Bd1 Nxe4 33. fxe4 Qxd6 34. Nd3 Qg6
35. Qe1 c4 36. Nf2 g3 37. Nh3 gxh2 38. Kxh2 Rg7 39. Qf1 c3 40. Ng1 c2 41. Bf3
Qg3+ 42. Kh1 Qh4+ 43. Nh3 Rg3 44. Kh2 Rxh3+ 0-1

[Event "42nd Olympiad 2016"]
[Site "Baku AZE"]
[Date "2016.09.10"]
[Round "8.52"]
[Board "4"]
[White "Khader, Sami"]
[Black "Alothman, Abdul Wahab"]
[Result "1-0"]
[WhiteTitle "IM"]
[BlackTitle "CM"]
[WhiteElo "2373"]
[BlackElo "2056"]
[WhiteTeam "Jordan"]
[BlackTeam "Kuwait"]
[WhiteFideId "8100500"]
[BlackFideId "10300015"]
[EventDate "2016.09.02"]

1. Nf3 d5 2. c4 c6 3. g3 Nf6 4. Bg2 Bf5 5. cxd5 cxd5 6. Qb3 Qd7 7. Nc3 Nc6 8. d3
e5 9. O-O d4 10. e4 Be6 11. Nd5 O-O-O 12. Nxf6 gxf6 13. Qa4 Kb8 14. Bd2 h5 15.
Nh4 Bh3 16. Rfc1 Bxg2 17. Kxg2 Be7 18. h3 Rdg8 19. Rc4 f5 20. Nxf5 Bg5 21. Bxg5
Rxg5 22. h4 Rxf5 23. exf5 Qxf5 24. Rxc6 bxc6 25. Qxc6 Rc8 26. Qb5+ Ka8 27. Re1
f6 28. Qd5+ Kb8 29. Re4 Qg6 30. Qd6+ Ka8 31. Rxe5 Qxd3 32. Qd5+ Kb8 33. Re3 1-0

[Event "42nd Olympiad 2016"]
[Site "Baku AZE"]
[Date "2016.09.10"]
[Round "8.53"]
[Board "1"]
[White "Minero Pineda, Sergio"]
[Black "Mohamud, Hussein Ali"]
[Result "1-0"]
[WhiteTitle "IM"]
[WhiteElo "2391"]
[BlackElo "1606"]
[WhiteTeam "Costa Rica"]
[BlackTeam "Somalia"]
[WhiteFideId "6500374"]
[BlackFideId "16100352"]
[EventDate "2016.09.02"]

1. d4 Nf6 2. c4 e6 3. Nf3 Bb4+ 4. Nbd2 c5 5. a3 Bxd2+ 6. Qxd2 cxd4 7. Nxd4 Nc6
8. e3 Ne4 9. Nxc6 bxc6 10. Qd4 Nf6 11. Be2 d5 12. O-O Ba6 13. b4 dxc4 14. Qc3
O-O 15. Bb2 Qc7 16. Bxc4 Bxc4 17. Qxc4 Nd5 18. Rac1 Rac8 19. Qc5 f5 20. Rc2 Qf7
21. Bd4 f4 22. e4 f3 23. exd5 Qg6 24. g3 Qh5 25. Qe7 Rf7 26. Qxe6 Rf8 27. Rxc6
Kh8 28. Rc8 h6 29. Rxf8+ Rxf8 30. Rc1 Qg5 31. Be3 Qh5 32. h4 Re8 33. Rc8 Rxc8
34. Qxc8+ Kh7 35. Qe6 a6 36. d6 Qb5 37. Qe4+ 1-0

[Event "42nd Olympiad 2016"]
[Site "Baku AZE"]
[Date "2016.09.10"]
[Round "8.53"]
[Board "2"]
[White "Fidow, Kassim Hassan"]
[Black "Gonzalez Acosta, Bernal"]
[Result "1/2-1/2"]
[BlackTitle "GM"]
[WhiteElo "1567"]
[BlackElo "2481"]
[WhiteTeam "Somalia"]
[BlackTeam "Costa Rica"]
[WhiteFideId "16100239"]
[BlackFideId "6500170"]
[EventDate "2016.09.02"]

1. d4 Nf6 2. c4 c5 3. d5 e6 4. dxe6 fxe6 5. Nc3 d5 6. Bg5 d4 7. Bxf6 gxf6 8. Ne4
f5 9. Nd2 Bg7 10. e4 dxe3 11. Qh5+ Kf8 12. fxe3 Nc6 13. Ngf3 Qf6 14. Be2 Bd7 15.
O-O Qg6 16. Qh4 Bf6 17. Qh3 Rg8 18. Kh1 e5 19. Ne1 Ke7 20. Qf3 e4 21. Qh5 Bxb2
22. Rb1 Bc3 23. Rd1 Be6 24. Qh4+ Bf6 25. Qf2 Rad8 26. g3 Bc3 27. Nb3 Rxd1 28.
Bxd1 Bxc4 29. Be2 Bxe2 30. Qxe2 Bxe1 31. Qxe1 b6 32. Nc1 Ne5 33. Qc3 Nf3 34. Ne2
Qh5 35. Rf2 Rd8 36. Qg7+ Ke8 37. Qg8+ Ke7 38. Qg7+ Qf7 39. Qa1 Rd2 40. a4 Qf6
41. Qf1 Qd6 42. Qh3 Rxe2 43. Qxh7+ Kd8 44. Qg8+ Kc7 45. Qf7+ Qd7 46. Qxd7+ Kxd7
47. Rxe2 a6 48. Rb2 Kc6 49. h4 b5 50. h5 c4 51. Kg2 Kc5 52. h6 Ng5 53. Rf2 1/2-1/2

[Event "42nd Olympiad 2016"]
[Site "Baku AZE"]
[Date "2016.09.10"]
[Round "8.55"]
[Board "1"]
[White "Mohtaat, Homayoun"]
[Black "Yee, Soon Wei"]
[Result "0-1"]
[BlackTitle "FM"]
[WhiteElo "1655"]
[BlackElo "2293"]
[WhiteTeam "Afghanistan"]
[BlackTeam "Brunei"]
[WhiteFideId "11700394"]
[BlackFideId "10500553"]
[EventDate "2016.09.02"]

1. d4 Nf6 2. Nf3 g6 3. g3 Bg7 4. c4 c5 5. d5 b5 6. cxb5 a6 7. b6 d6 8. Nc3 Nbd7
9. Bg2 Nxb6 10. O-O O-O 11. e4 Nfd7 12. Re1 a5 13. Bf1 Ba6 14. Nb5 a4 15. Rb1
Ne5 16. Nxe5 Bxe5 17. Bh6 Re8 18. b4 axb3 19. Qxb3 Rb8 20. a4 Qd7 21. Be3 Rb7
22. Qc2 Ra8 23. Red1 Bg7 24. f4 Nc8 25. e5 dxe5 26. d6 Nxd6 27. Bg2 Rc8 28. Bxb7
Bxb7 29. Na7 Rc7 0-1

[Event "42nd Olympiad 2016"]
[Site "Baku AZE"]
[Date "2016.09.10"]
[Round "8.55"]
[Board "2"]
[White "Pg, Md Omar Ak Hafizon"]
[Black "Farazi, Khaiber"]
[Result "1/2-1/2"]
[WhiteElo "2168"]
[BlackElo "2097"]
[WhiteTeam "Brunei"]
[BlackTeam "Afghanistan"]
[WhiteFideId "10500499"]
[BlackFideId "11700599"]
[EventDate "2016.09.02"]

1. e4 c5 2. Nf3 d6 3. Bb5+ Bd7 4. Bxd7+ Qxd7 5. O-O Nc6 6. c3 Nf6 7. Re1 e6 8.
d4 d5 9. Ne5 Nxe5 10. dxe5 Ng8 11. exd5 Qxd5 12. Qe2 O-O-O 13. c4 Qd3 14. Nc3
Qxe2 15. Rxe2 Ne7 16. Rd2 Rxd2 17. Bxd2 Nc6 18. f4 Be7 19. Be3 Rd8 20. Kf2 b6
21. Rd1 f6 22. Rxd8+ Kxd8 23. exf6 Bxf6 24. Bd2 g6 25. Nd1 Ke7 26. Bc3 Bxc3 27.
Nxc3 Nb4 28. Ke3 Nc2+ 29. Ke4 Nd4 30. g4 h5 31. h3 h4 32. Nb5 Ne2 33. Nxa7 Kd7 1/2-1/2

[Event "42nd Olympiad 2016"]
[Site "Baku AZE"]
[Date "2016.09.10"]
[Round "8.55"]
[Board "3"]
[White "Mirzaad, Swahabuddin"]
[Black "Hj, Azahari Md Aliuddin"]
[Result "1-0"]
[WhiteTitle "CM"]
[BlackTitle "FM"]
[WhiteElo "2069"]
[BlackElo "2004"]
[WhiteTeam "Afghanistan"]
[BlackTeam "Brunei"]
[WhiteFideId "11700785"]
[BlackFideId "10500324"]
[EventDate "2016.09.02"]

1. d4 Nf6 2. c4 c5 3. d5 b5 4. cxb5 a6 5. bxa6 g6 6. g3 Bxa6 7. Nf3 d6 8. Bg2
Nbd7 9. O-O Nb6 10. Nc3 Bc4 11. Nd2 Bxd5 12. Nxd5 Nfxd5 13. Nc4 e6 14. Nxb6 Qxb6
15. Bxd5 exd5 16. Qxd5 Rb8 17. Qe4+ Be7 18. Bg5 Qb7 19. Qe3 Qd7 20. Rfd1 Qe6 21.
Qc3 O-O 22. Bxe7 Qxe7 23. Rd2 Rb6 24. Rad1 Ra8 25. b3 Rba6 26. a4 Rb8 27. Qd3
Rab6 28. a5 Rxb3 29. Qxd6 Qxd6 30. Rxd6 Ra3 31. a6 Ra8 32. Rc1 R3xa6 33. Rxa6
Rxa6 34. Rxc5 Kg7 35. g4 h6 36. h4 Ra2 37. Re5 Kf6 38. Re4 Ra5 39. Kg2 Rb5 40.
Kg3 Rb3+ 41. e3 Rb1 42. Ra4 Rh1 43. Ra6+ Ke7 44. f3 Rg1+ 45. Kf4 Rh1 46. h5 gxh5
47. Rxh6 h4 48. e4 Kf8 49. g5 h3 50. Rh5 Kg7 51. Kg3 Kg6 52. Rxh3 Re1 53. Kf4
Ra1 54. Rh6+ Kg7 55. Kf5 Ra5+ 56. e5 Ra3 57. f4 Ra5 58. Rf6 Ra4 59. g6 fxg6+ 60.
Rxg6+ Kf7 61. Rb6 Ke7 62. Rb7+ Kf8 63. e6 Rc4 64. Ke5 Kg8 65. f5 Rc1 66. Kf6 1-0

[Event "42nd Olympiad 2016"]
[Site "Baku AZE"]
[Date "2016.09.10"]
[Round "8.56"]
[Board "1"]
[White "Lodhi, Mahmood"]
[Black "Harper, Ryan"]
[Result "1-0"]
[WhiteTitle "IM"]
[BlackTitle "FM"]
[WhiteElo "2334"]
[BlackElo "2215"]
[WhiteTeam "Pakistan"]
[BlackTeam "Trinidad & Tobago"]
[WhiteFideId "7800010"]
[BlackFideId "7700156"]
[EventDate "2016.09.02"]

1. d4 e6 2. Nf3 f5 3. g3 Nf6 4. Bg2 d5 5. O-O Bd6 6. c4 c6 7. b3 Qe7 8. a4 a5 9.
Ba3 Bxa3 10. Nxa3 b6 11. Ne5 Bb7 12. Qc2 O-O 13. Rfc1 Nfd7 14. Nd3 Na6 15. Qd2
Rfd8 16. cxd5 exd5 17. Nc2 Re8 18. e3 Nf6 19. b4 Ne4 20. Qe1 axb4 21. Ncxb4 c5
22. Nxa6 Bxa6 23. Nf4 Qd6 24. dxc5 bxc5 25. Qd1 Red8 26. Qc2 c4 27. Ne2 Nc5 28.
Nd4 g6 29. Rcb1 Rdb8 30. a5 Bc8 31. Qc3 Bd7 32. Qa3 Be8 33. Rxb8 Rxb8 34. a6 Ra8
35. a7 c3 36. Qxc3 Bf7 37. Qb4 Ne4 38. Qb7 Qf8 39. Rb1 Nd6 40. Qxa8 1-0

[Event "42nd Olympiad 2016"]
[Site "Baku AZE"]
[Date "2016.09.10"]
[Round "8.56"]
[Board "2"]
[White "Cupid, Kevin"]
[Black "Murtaza, Ali"]
[Result "0-1"]
[WhiteTitle "FM"]
[WhiteElo "2166"]
[BlackElo "2111"]
[WhiteTeam "Trinidad & Tobago"]
[BlackTeam "Pakistan"]
[WhiteFideId "7700512"]
[BlackFideId "7801750"]
[EventDate "2016.09.02"]

1. Nf3 Nf6 2. g3 d5 3. Bg2 g6 4. O-O Bg7 5. c4 c6 6. d4 O-O 7. Nc3 dxc4 8. Ne5
Ng4 9. f4 Nxe5 10. fxe5 Nd7 11. Ne4 c5 12. e3 Qc7 13. Ng5 Nb6 14. a4 h6 15. Ne4
cxd4 16. a5 Nd5 17. exd4 Bf5 18. Nc5 Rad8 19. g4 Bc8 20. Qe2 b6 21. Ne4 Be6 22.
axb6 axb6 23. Bd2 Qd7 24. h3 Nc7 25. Be3 Nd5 26. Bd2 Nc7 27. Be3 Bd5 28. Ra7 Qc6
29. Nc3 e6 30. Nxd5 Nxd5 31. Qd2 b5 32. Qf2 Rd7 33. Bxd5 Qxd5 34. Rxd7 Qxd7 35.
Qd2 Ra8 36. h4 Qd5 37. Qf2 Ra7 38. Qf3 Bf8 39. h5 g5 40. Qf6 Qe4 41. Qf3 Qxf3
42. Rxf3 Ra2 43. Rf2 b4 44. Kg2 b3 45. Bc1 Ba3 0-1

[Event "42nd Olympiad 2016"]
[Site "Baku AZE"]
[Date "2016.09.10"]
[Round "8.56"]
[Board "3"]
[White "Wahid, Hussain"]
[Black "Winter Atwell, Adrian"]
[Result "1/2-1/2"]
[BlackTitle "FM"]
[WhiteElo "2018"]
[BlackElo "2158"]
[WhiteTeam "Pakistan"]
[BlackTeam "Trinidad & Tobago"]
[WhiteFideId "7800509"]
[BlackFideId "7700750"]
[EventDate "2016.09.02"]

1. e4 e5 2. Nf3 Nc6 3. Bb5 Bc5 4. O-O Nd4 5. Nxd4 Bxd4 6. c3 Bb6 7. d4 c6 8. Bc4
d6 9. Na3 Nf6 10. Bg5 h6 11. Bxf6 Qxf6 12. dxe5 dxe5 13. Bb3 O-O 14. Nc4 Bc7 15.
Qh5 a5 16. Ne3 a4 17. Bc2 Be6 18. a3 Ra6 19. Rfd1 Rb6 20. Rdb1 Bb3 21. Bd3 Rd8
22. Qe2 Qd6 23. Bc4 Qc5 24. Kf1 Qe7 25. g3 Rd7 26. Ke1 Bxc4 27. Qxc4 Qf6 28.
Qxa4 Qf3 29. Qc2 Ra6 30. Rd1 Rxd1+ 31. Rxd1 b5 32. Nf1 Ra4 33. Nd2 Qh1+ 34. Ke2
Qxh2 35. Qd3 Qh3 36. Qf3 Qe6 37. Qf5 Qxf5 38. exf5 c5 39. Nb3 Bb6 40. Rd6 Ba7
41. Rd8+ Kh7 42. Rd5 b4 43. Nxc5 Bxc5 44. Rxc5 bxa3 45. bxa3 Rxa3 46. Kd3 Ra2
47. f3 Rf2 48. Ke3 Rg2 49. g4 Rc2 50. Rc7 Kg8 51. c4 g6 52. fxg6 fxg6 53. Ke4
Re2+ 54. Kd3 Rf2 55. Ke3 Rc2 56. c5 h5 57. gxh5 gxh5 58. Ke4 h4 59. Kd5 h3 60.
Ra7 h2 61. Ra1 Kf7 62. c6 Ke7 63. Ra7+ Kd8 64. Rh7 Rc3 65. Rxh2 Rxf3 66. Rh8+
Kc7 67. Rh7+ Kc8 68. Kxe5 Rd3 69. Ke6 Rd1 70. Rg7 Rd2 71. Rg5 Kc7 1/2-1/2

[Event "42nd Olympiad 2016"]
[Site "Baku AZE"]
[Date "2016.09.10"]
[Round "8.56"]
[Board "4"]
[White "Johnson, Joshua"]
[Black "Syed Ahmad, Ali"]
[Result "0-1"]
[WhiteTitle "FM"]
[BlackTitle "FM"]
[WhiteElo "2119"]
[BlackElo "2343"]
[WhiteTeam "Trinidad & Tobago"]
[BlackTeam "Pakistan"]
[WhiteFideId "7700768"]
[BlackFideId "7801076"]
[EventDate "2016.09.02"]

1. e4 c5 2. Nf3 d6 3. d4 cxd4 4. Nxd4 Nf6 5. Nc3 a6 6. Bc4 e6 7. Bb3 Be7 8. g4
h6 9. Rg1 Qc7 10. Qf3 Nc6 11. Be3 Ne5 12. Qe2 b5 13. O-O-O Bd7 14. f4 Nc4 15. g5
hxg5 16. fxg5 Nh5 17. g6 fxg6 18. Rxg6 Bf6 19. Bh6 O-O-O 20. Rxf6 Nxf6 21. Bxg7
Nh5 22. Bxh8 Rxh8 23. Qf2 Qc5 24. Rf1 Qg5+ 25. Kb1 Nd2+ 26. Ka1 Nxf1 27. Qxf1
Qf4 28. Qd1 Ng7 29. Qg1 Rxh2 30. Nce2 Qh6 31. Ng3 Rg2 32. Qe1 Rxg3 33. a4 Qe3
34. Qb4 bxa4 35. Bc4 Rg1+ 36. Ka2 Qe1 37. Bxa6+ Kd8 38. Qb6+ Ke7 0-1

[Event "42nd Olympiad 2016"]
[Site "Baku AZE"]
[Date "2016.09.10"]
[Round "8.57"]
[Board "1"]
[White "Matoewi, Roger"]
[Black "Elarbi, Abobker"]
[Result "0-1"]
[WhiteTitle "FM"]
[BlackTitle "FM"]
[WhiteElo "2042"]
[BlackElo "2297"]
[WhiteTeam "Surinam"]
[BlackTeam "Libya"]
[WhiteFideId "8200084"]
[BlackFideId "9200355"]
[EventDate "2016.09.02"]

1. e4 e5 2. Nf3 Nc6 3. Bb5 a6 4. Ba4 Nf6 5. O-O Be7 6. c3 b5 7. Bb3 d6 8. Re1
O-O 9. h3 Na5 10. Bc2 c5 11. d4 Qc7 12. Nbd2 cxd4 13. cxd4 Nc6 14. Nf1 exd4 15.
Bf4 Nd7 16. Rc1 Qb6 17. Ng3 Nde5 18. Nf5 Bxf5 19. exf5 Bf6 20. Re4 Rac8 21. a3
Nxf3+ 22. Qxf3 Ne5 23. Qg3 Rfe8 24. Bb3 Rxc1+ 25. Bxc1 Qc6 26. Qf4 d5 27. Rxd4
Nf3+ 28. Qxf3 Bxd4 29. Bf4 Rd8 30. Bg5 f6 31. Bf4 Bxb2 32. h4 Bxa3 33. h5 Bf8
34. Qh3 a5 35. h6 a4 36. hxg7 Bd6 0-1

[Event "42nd Olympiad 2016"]
[Site "Baku AZE"]
[Date "2016.09.10"]
[Round "8.57"]
[Board "3"]
[White "Sanches, Casanova Romario"]
[Black "Salem, Mahjob"]
[Result "1-0"]
[WhiteTitle "CM"]
[WhiteElo "2082"]
[BlackElo "2092"]
[WhiteTeam "Surinam"]
[BlackTeam "Libya"]
[WhiteFideId "8200211"]
[BlackFideId "9202110"]
[EventDate "2016.09.02"]

1. e4 e6 2. d3 c5 3. Nd2 Nc6 4. Ngf3 d5 5. g3 Nf6 6. Bg2 Be7 7. O-O O-O 8. e5
Nd7 9. Re1 Qc7 10. Qe2 b6 11. Nf1 Bb7 12. h4 Rac8 13. Bf4 Rfe8 14. h5 h6 15. Ne3
Nd4 16. Nxd4 cxd4 17. Nxd5 exd5 18. e6 Bd6 19. Bxd6 Qxd6 20. exd7 Qxd7 21. Qd2
Qf5 22. Rxe8+ Rxe8 23. Re1 Rxe1+ 24. Qxe1 Qe6 25. Kf1 Qxe1+ 26. Kxe1 Kf8 27. f4
Ke7 28. Kf2 Kd6 29. Bh3 Bc6 30. c3 Kc5 31. Bg2 dxc3 32. bxc3 Bd7 33. Ke3 Bg4 34.
Bf3 Bxf3 35. Kxf3 d4 36. c4 f5 37. g4 fxg4+ 38. Kxg4 b5 39. cxb5 Kxb5 40. Kf5
Kb4 41. Ke4 a5 42. Kxd4 a4 43. a3+ Kb3 44. f5 Kxa3 45. Kc3 Ka2 46. d4 1-0